<?xml version="1.0" encoding="UTF-8"?>
<record
    xmlns:xsi="http://www.w3.org/2001/XMLSchema-instance"
    xsi:schemaLocation="http://www.loc.gov/MARC21/slim http://www.loc.gov/standards/marcxml/schema/MARC21slim.xsd"
    xmlns="http://www.loc.gov/MARC21/slim">

  <leader>00859nam a22002417a 4500</leader>
  <controlfield tag="003">OSt</controlfield>
  <controlfield tag="005">20170710142134.0</controlfield>
  <controlfield tag="008">170710s2011    ua     gr    f000 0 ara d</controlfield>
  <datafield tag="017" ind1=" " ind2=" ">
    <subfield code="a">2011 / 19958</subfield>
  </datafield>
  <datafield tag="020" ind1=" " ind2=" ">
    <subfield code="a">9789777048422</subfield>
  </datafield>
  <datafield tag="040" ind1=" " ind2=" ">
    <subfield code="a">EG-ScBUE</subfield>
    <subfield code="b">ara</subfield>
    <subfield code="c">EG-ScBUE</subfield>
  </datafield>
  <datafield tag="082" ind1="0" ind2="4">
    <subfield code="2">22</subfield>
    <subfield code="b">&#x623; &#x628; &#x648;</subfield>
    <subfield code="a">892.71</subfield>
  </datafield>
  <datafield tag="100" ind1="1" ind2=" ">
    <subfield code="a">&#x623;&#x628;&#x648; &#x627;&#x644;&#x644;&#x64A;&#x644;&#x60C; &#x62E;&#x627;&#x644;&#x62F; &#x639;&#x628;&#x62F; &#x627;&#x644;&#x62D;&#x644;&#x64A;&#x645;.</subfield>
  </datafield>
  <datafield tag="245" ind1="1" ind2="0">
    <subfield code="a">&#x635;&#x648;&#x631;&#x629; &#x627;&#x644;&#x64A;&#x647;&#x648;&#x62F;&#x64A; &#x641;&#x64A; &#x627;&#x644;&#x623;&#x62F;&#x628; &#x627;&#x644;&#x634;&#x639;&#x628;&#x64A; &#x627;&#x644;&#x639;&#x631;&#x628;&#x64A; /</subfield>
    <subfield code="c">&#x62E;&#x627;&#x644;&#x62F; &#x639;&#x628;&#x62F; &#x627;&#x644;&#x62D;&#x644;&#x64A;&#x645; &#x623;&#x628;&#x648; &#x627;&#x644;&#x644;&#x64A;&#x644;.</subfield>
  </datafield>
  <datafield tag="260" ind1=" " ind2=" ">
    <subfield code="a">&#x627;&#x644;&#x642;&#x627;&#x647;&#x631;&#x629; :</subfield>
    <subfield code="b">&#x627;&#x644;&#x645;&#x62C;&#x644;&#x633; &#x627;&#x644;&#x623;&#x639;&#x644;&#x649; &#x644;&#x644;&#x62B;&#x642;&#x627;&#x641;&#x629;&#x60C;</subfield>
    <subfield code="c">2011.</subfield>
  </datafield>
  <datafield tag="300" ind1=" " ind2=" ">
    <subfield code="a">249 &#x635;. &#x61B;</subfield>
    <subfield code="c">24 &#x633;&#x645;.</subfield>
  </datafield>
  <datafield tag="504" ind1=" " ind2=" ">
    <subfield code="a">&#x64A;&#x634;&#x62A;&#x645;&#x644; &#x639;&#x644;&#x649; &#x625;&#x631;&#x62C;&#x627;&#x639;&#x627;&#x62A; &#x628;&#x628;&#x644;&#x64A;&#x648;&#x62C;&#x631;&#x627;&#x641;&#x64A;&#x629;.</subfield>
  </datafield>
  <datafield tag="590" ind1=" " ind2=" ">
    <subfield code="a">&#x633;&#x627;&#x631;&#x629;</subfield>
  </datafield>
  <datafield tag="650" ind1=" " ind2="7">
    <subfield code="2">BUEsh</subfield>
    <subfield code="a">&#x627;&#x644;&#x64A;&#x647;&#x648;&#x62F; &#x641;&#x64A; &#x627;&#x644;&#x623;&#x62F;&#x628; &#x627;&#x644;&#x634;&#x639;&#x628;&#x64A; &#x627;&#x644;&#x639;&#x631;&#x628;&#x64A;.</subfield>
  </datafield>
  <datafield tag="651" ind1=" " ind2=" ">
    <subfield code="2">BUEsh</subfield>
  </datafield>
  <datafield tag="653" ind1=" " ind2=" ">
    <subfield code="b">GGEN</subfield>
    <subfield code="c">July2017</subfield>
  </datafield>
  <datafield tag="942" ind1=" " ind2=" ">
    <subfield code="2">ddc</subfield>
  </datafield>
  <datafield tag="999" ind1=" " ind2=" ">
    <subfield code="c">25013</subfield>
    <subfield code="d">24985</subfield>
  </datafield>
  <datafield tag="952" ind1=" " ind2=" ">
    <subfield code="0">0</subfield>
    <subfield code="1">0</subfield>
    <subfield code="2">ddc</subfield>
    <subfield code="4">0</subfield>
    <subfield code="7">0</subfield>
    <subfield code="8">&#x635;. &#x62A;. &#x62B;</subfield>
    <subfield code="a">MAIN</subfield>
    <subfield code="b">MAIN</subfield>
    <subfield code="c">2ND</subfield>
    <subfield code="d">2017-07-10</subfield>
    <subfield code="e">Purchase</subfield>
    <subfield code="g">15.00</subfield>
    <subfield code="h">2921</subfield>
    <subfield code="o">892.71 &#x623; &#x628; &#x648;</subfield>
    <subfield code="p">000046138</subfield>
    <subfield code="q">2020-10-19</subfield>
    <subfield code="r">2020-09-19 00:00:00</subfield>
    <subfield code="s">2020-09-19</subfield>
    <subfield code="v">18.75</subfield>
    <subfield code="y">BB</subfield>
  </datafield>
</record>
